Responses for show #1874 - Thursday, October 29, 1992

1992 Celebrity Jeopardy! game 4.

Contestants

Luke Perry, an actor from Beverly Hills, 90210

Judith Ivey, an actress from Designing Women

Beau Bridges, an actor from Without Warning: The James Brady Story

Jeopardy! Round responses

THE '70s
CURRENT SITCOMS
MAGAZINES
COUNTRY SINGERS
THE BIBLE
"G"EOGRAPHY
    $100 4
palimony

Luke
    $100 9
Bob Newhart

Judith
    $100 19
Good Housekeeping

Triple Stumper
    $100 12
Billy Ray Cyrus

Luke
    $100 3
Genesis

Luke
    $100 1
Gibraltar

Beau
    $200 5
Bangladesh

Luke
    $200 10
Married... with Children

Luke
    $200 20
Jack and Jill

Judith
    $200 13
(Luke: Who is Linda Ronstadt?)

Tanya Tucker

JudithLuke
    $200 23
(Beau: How many...20 pieces of silver?)
(Alex: (Judith) You're more generous than Bo!)

30 pieces of silver

BeauJudith
    $200 2
Georgia

Luke
    $300 6
Ed Koch

Luke
    $300 11
Susan Dey

Luke
    $300 21
Ebony

Beau
    $300 14
[Judith rings in after the time's-up signal sounds.]
(Alex: All right, Judith, take a shot at it.)
(Judith: Who is Jimmy Webb?)

Glen Campbell

Judith
Triple Stumper
    $300 26
Luke

Beau
    $300 22
(Beau: What is Edinburgh?)

Glasgow

BeauJudith
    $500 7
(Alex: (Luke), you're too young to remember the '70s!)

Woodward & Bernstein

Luke
    $400 17
Delta Burke

Luke
    $400 24
(Judith: What is Playboy?)

Esquire

Judith
Triple Stumper
    $400 15
Clint Black

Judith
    $400 27
Greece

Judith
    $500 8
(Beau: Who is Elizabeth Taylor?)

Jackie Onassis

BeauJudith
    $500 18
FYI

Luke
    $500 25
Architectural Digest

Judith
    $500 16
Garth Brooks

Luke
    $500 28
(Beau: What is Peru?
....
[buzzer sounds to end the round]

Guatemala

BeauJudith

Scores at the first commercial break (after clue 10):

Beau Judith Luke
-$400 $600 $1,600

Scores at the end of the Jeopardy! Round:

Beau Judith Luke
-$800 $2,600 $3,200

Double Jeopardy! Round responses

BROADWAY MUSICALS
FAMOUS WOMEN
AMERICAN INDIANS
GASES
FILMS OF THE '80s
BOOKS & AUTHORS
    $200 19
Jelly Roll Morton

Luke
    $200 9
Yoko Ono

Judith
    $200 1
the buffalo

Beau
    $200 18
oxygen

Judith
    $200 5
Arnold Schwarzenegger

Luke
    $200 15
Thomas Wolfe

Judith
    $400 21
(Judith: What is "South Pacific?")
....
(Alex: And we have less than a minute to go in the round!)

The King and I

JudithLuke
    $400 10
Helen Keller

Luke
    $400 2
tobacco

Beau
    $400 20
hydrogen

Beau
    $400 6
Henry Fonda

Luke
    $400 16
(Luke: What is ragtime?)

Jazz

JudithLuke
    $600 13
Antoinette Perry

Judith
    $600 3
(Judith: Ohh, I beeped too soon.)
(Alex: Say something.)
(Judith: The cuckoo...what is the cuckoo?)

the owl

Judith
Triple Stumper
    $600 22
carbon dioxide

Triple Stumper
    $600 7
The Elephant Man

Beau
    $800 14
Agnes Nixon

Luke
    $800 4
the Sioux

Luke
    $800 23
laughing gas

Luke
    $800 11
An Officer and a Gentleman

Luke
    $1000 17
Annie Leibovitz

Beau
    $1000 8
the Cherokee

Triple Stumper
    $600 24
[buzzer sounds to end the round]
....
(Alex: Select again...oh, we had the time's up; I didn't hear it because of the applause!)

methane

Luke
    $1000 12
The Witches of Eastwick

Luke

Scores at the end of the Double Jeopardy! Round:

Beau Judith Luke
$1,800 $3,200 $9,200
(lock game)

[wagering suggestions for these scores]

Final Jeopardy! Round responses

U.S. PRESIDENTS
(Alex: You had to think of the Adams boys, John & John Quincy, who were from [*].)
BeauWhat is Illinois?
$1,800
JudithWhat is New York?
$1,500
LukeWhat is Pennsylvania?
$3,500
Massachusetts

Final scores:

Beau Judith Luke
$0 $1,700 $5,700
3rd place: $10,000 for the Pearl White Theatre of Performing Arts of Venice, California 2nd place: $10,000 for Broadway Cares/Equity Fights AIDS Winner: $10,000 for the National Multiple Sclerosis Society; week's big winner has total doubled

Game dynamics:

Coryat scores:

Beau Judith Luke
$1,800 $3,200 $9,500
8 R,
4 W
15 R,
4 W
23 R
(including 2 DDs),
2 W

Combined Coryat: $14,500

The J! Archive is created by fans, for fans. The Jeopardy! game show and all elements thereof, including but not limited to copyright and trademark thereto, are the property of Jeopardy Productions, Inc. and are protected under law. This website is not affiliated with, sponsored by, or operated by Jeopardy Productions, Inc. Join the discussion at JBoard.tv.